000 00931nam0a22002411 4500
001 v19\rc\1238798
005 20260406070334.0
035 _a(NLR Aleph) 004397137
090 _a3829407
_c3829406
100 _a20060306d1885 |||y0rusy50 ca
101 0 _arus
102 _aRU
105 _ay z |||||
200 1 _aАльбом узоров русских кружев
210 _aСанкт-Петербург
_d1885
700 1 _7ca
_8rus
_aДавыдова
_bС. А.
_cписательница
_f1842-1915
_gСофья Александровна
_9125277
_3RU\NLR\AUTH\7715629
801 0 _aRU
_bNLR
_gpsbo
801 1 _aRU
_bProSoft-M
_2rusmarc
801 2 _aRU
_bNLR
_c20131001
_2rusmarc
830 _aИст.: Межов 5-ое прибавление к систематической росписи книгам продающимся в кн. маг. И.И. Глазунова
852 _aNLR
_jDesideratum
942 _cBOOK
980 _aNB